00427 a2200145 4500003000400000005001700004008004100021020001800062040000900080082001500089100004600104245009600150260002600246300000900272OSt20231122113321.0231122b |||||||| |||| 00| 0 eng d a9789354009518 coclc a578bBAK/P1 aBaker, John R.q(John Randal),d1900-1984 aPrinciples of biological microtechnique; : ba study of fixation and dyeing /cJohn R Baker bAlpha editionsc2020. a357p